Ekonomické konzekvencie demografických trendov v Číne bakalárska práca

Salvato in:
Dettagli Bibliografici
Autore principale: Dvořáková, Lenka
Ente Autore: Obchodná fakulta EU. Katedra medzinárodného obchodu
Altri autori: Bronček, Juraj
Natura: Libro
Lingua:slovacco
Pubblicazione: Bratislava 2018
Tags: Aggiungi Tag
Nessun Tag, puoi essere il primo ad aggiungerne!!

MARC

LEADER 00000nbm a2200000 4500
001 0245090
005 20180926143259.7
041 0 |a slo 
044 |a SK 
245 1 0 |a Ekonomické konzekvencie demografických trendov v Číne  |b bakalárska práca  |c Lenka Dvořáková ; školiteľ: Juraj Bronček 
264 1 |a Bratislava  |c 2018 
300 |a 58 s. 
100 1 |a Dvořáková, Lenka 
700 1 |a Bronček, Juraj 
710 2 |a Obchodná fakulta EU. Katedra medzinárodného obchodu